Normale Ansicht MARC-Ansicht ISBD

"Žit' v dvuch mirach". Pereosmysljaja transnacionalizm i translokal'nost' : (Titelsatznr. 11966)

[ MARC ]
MARC-Details
000 -Satzkennung
Kontrollfeld mit fester Länge 00838nam a22002531c 4500
001 - Kontrollnummer
Kontrollfeld a987696181
003 - Kontrollnummer Identifier
Kontrollfeld RU-10907106
005 - Datum und Zeit der letzten Transaktion
Kontrollfeld 20210624105928.0
008 - Feld mit fester Länge zur physischen Beschreibung - Allgemeine Angaben
Kontrollfeld mit fester Länge 210315s2021 gw a||| 000u rus d
020 ## - Internationale Standardbuchnummer
Internationale Standardbuchnummer 9785444812822
Verknüpfung 978-5-4448-1282-2
040 ## - Katalogisierungsquelle
Übertragungsstelle RU-10907106
041 ## - Sprachcode
Sprachcode des Textes/der Tonspur oder des separaten Titels rus
245 02 - Titel
Titel "Žit' v dvuch mirach". Pereosmysljaja transnacionalizm i translokal'nost' :
Zusatz zum Titel sbornik statej /
Verfasserangabe etc. pod red. O. Brednikovoj i S. Abašina
264 ## - Produktion, Veröffentlichung, Distribution, Herstellung und Urheberrechtsvermerk
Herstellungs-, Veröffentlichungs- Vertriebs-, Erzeugungsort Moskva :
Produzent, Herausgeber, Distributor, Hersteller Novoe literaturnoe obozrenie,
Datum der Herstellung, der Veröffentlichung, des Vertriebs oder des Urheberschutzvermerks 2021
300 ## - Physische Beschreibung
Umfang 516 Seiten : Illustrationen
490 #0 - Gesamttitelangabe
Gesamttitelangabe Biblioteka zurnala "Neprikosnovennyj zapas"
650 ## - Nebeneintragung unter einem Schlagwort - Sachschlagwort
Sachschlagwort oder geografischer Name als Eintragungselement Migration
650 ## - Nebeneintragung unter einem Schlagwort - Sachschlagwort
Sachschlagwort oder geografischer Name als Eintragungselement Transnationale Politik
650 ## - Nebeneintragung unter einem Schlagwort - Sachschlagwort
Sachschlagwort oder geografischer Name als Eintragungselement Arbeitsmigration
651 ## - Nebeneintragung unter einem Schlagwort - Geografischer Name
Geografischer Name Russland
700 1# - Nebeneintragung - Personenname
Personenname Brednikova, Ol'ga
Funktionsbezeichnung HerausgeberIn
700 1# - Nebeneintragung - Personenname
Personenname Abašin, Sergej
Funktionsbezeichnung HerausgeberIn
942 ## - Zusätzliche Felder (Koha)
Koha-Medientyp Monographien
Klassifikation oder Aufstellungssystematik Andere/Generische Klassifikation
Exemplare
Ausgeschieden Verloren Klassifikation oder Aufstellungssystematik Beschädigt Nicht entleihbar Heimatbibliothek Aufenthaltsbibliothek Aufstellungsort Erwerbungsdatum Inventarnummer Signatur Barcode Letzte Aktivität Preis gültig von Koha-Medientyp
    Andere/Generische Klassifikation     MWN Osteuropa MWN Osteuropa Magazin - 2 15/03/2021 21-00913 R 72 f Bre E0040150790EBA12 17/03/2021 22/03/2021 Monographien